| 000 | 02617cam a2200565Mc 4500 | ||
|---|---|---|---|
| 003 | PE-LiUPU | ||
| 005 | 20250731172940.0 | ||
| 008 | 960620s1996 miu b 001 0 eng d | ||
| 020 | _a0310212715 | ||
| 020 | _a9780310212713 | ||
| 035 | _a(Sirsi) i9780310212713 | ||
| 040 |
_aPE-LiUPU _bspa _cPE-LiUPU _erda |
||
| 049 | _aPRUA | ||
| 082 | 0 | 4 |
_a241.2 _bL11 |
| 130 | 0 | _aLaw, the gospel, and the modern Christian | |
| 245 | 1 | 0 |
_aFive views on law and Gospel / _cGreg L. Bahnsen ... [et al.]. |
| 264 | 3 |
_aGrand Rapids, Mich _bZondervan _c©1996 |
|
| 300 |
_a416 páginas. : _c21 centímetros. |
||
| 336 |
_atext _2rdacontent |
||
| 337 |
_aunmediated _2rdamedia |
||
| 338 |
_avolume _2rdacarrier |
||
| 490 | 0 | _aCounterpoints | |
| 500 | _aOriginally published under title: The law, the gospel, and the modern Christian, 1993 | ||
| 504 | _aÍndices: páginas 407-416 | ||
| 505 | _aThe law is the perfection of righteousness in Jesus Christ: A reformed perspective. -- The theonomic reformed approach to law and Gospel. -- The law as God's gracious guidance for the promotion of Holiness. -- The inauguration of the law of Christ with the gospel of Christ: A dispensational view. -- The law of Christ as the fulfillment of the law of Moses: A modified lutheran view. | ||
| 520 | _aEste libro explora cinco enfoques principales para la relación entre la ley y el Evangelio , cada autor que presenta su punto de vista particular sobre el tema y responder a los otros cuatro. | ||
| 526 | _aSEG42 | ||
| 526 | _aSEG41 | ||
| 526 | _aSEG40 | ||
| 526 | _aSEG39 | ||
| 526 | _aP94 | ||
| 526 | _aP87 | ||
| 526 | _aP86 | ||
| 526 | _aP85 | ||
| 526 | _aP77 | ||
| 526 | _aP76 | ||
| 526 | _aP35 | ||
| 653 | 0 | _aEvangelicalismo | |
| 653 | 0 | _aLa ley y el Evangelio | |
| 700 | 1 | _aBahnsen, Greg L. | |
| 910 |
_ajck _bbpc _cbpc _d20160526 |
||
| 942 |
_2ddc _cBOOK |
||
| 949 |
_a241.2 F35 _wDEWEY _c1 _i44530 _lCCODEBUL1 _mBUL _r0 _sY _tBOOK _u2015-6-24 _xTEOLOGIA _PP35 _0COMPRA _o.STAFF. Colección General |
||
| 949 |
_a241.2 L11 _wDEWEY _c1 _i72812 _lCCODEBUL1 _mBUL _p24.99 _r0 _sY _tBOOK _u2016-5-26 _xTEOLOGIA _PP35 _0COMPRA _o.STAFF. Colección General |
||
| 994 |
_aC0 _bPEPRU |
||
| 596 | _a1 | ||
| 999 |
_a241.2 F35 _wDEWEY _c21413 _i44530 _f2021-11-11 _g5 _lCCODEBUL1 _mBUL _r0 _sY _tBOOK _u2015-6-24 _xTEOLOGIA _PP35 _0COMPRA _o.STAFF. Colección General _d21413 |
||
| 999 |
_a241.2 L11 _wDEWEY _c1 _i72812 _f2021-11-10 _g5 _lCCODEBUL1 _mBUL _p24.99 _r0 _sY _tBOOK _u2016-5-26 _xTEOLOGIA _PP35 _0COMPRA _o.STAFF. Colección General |
||
| 980 |
_81 _gALBERTO SANCHEZ Responsable de Automatización |
||